French and Indians of Illinois River, (Record no. 52224)

MARC details
000 -LEADER
fixed length control field 00889cam a22002651 4500
001 - CONTROL NUMBER
control field rc 01002011
003 - CONTROL NUMBER IDENTIFIER
control field DLC
005 - DATE AND TIME OF LATEST TRANSACTION
control field 20260227111905.0
007 - PHYSICAL DESCRIPTION FIXED FIELD--GENERAL INFORMATION
fixed length control field cr |||||||||||
008 - FIXED-LENGTH DATA ELEMENTS--GENERAL INFORMATION
fixed length control field 791130s1874 iluc 000 0 eng
010 ## - LIBRARY OF CONGRESS CONTROL NUMBER
LC control number rc 01002011
035 ## - SYSTEM CONTROL NUMBER
System control number (OCoLC)5748009
040 ## - CATALOGING SOURCE
Original cataloging agency DLC
Transcribing agency IDeKN
Modifying agency OCoLC
-- DLC
043 ## - GEOGRAPHIC AREA CODE
Geographic area code n-us-il
050 00 - LIBRARY OF CONGRESS CALL NUMBER
Classification number F544
Item number .M43
100 1# - MAIN ENTRY--PERSONAL NAME
Personal name Matson, N.
Fuller form of name (Nehemiah),
Dates associated with a name 1816-1883.
245 10 - TITLE STATEMENT
Title French and Indians of Illinois River,
Statement of responsibility, etc. by N. Mason.
260 ## - PUBLICATION, DISTRIBUTION, ETC.
Place of publication, distribution, etc. Princeton, Ill.,
Name of publisher, distributor, etc. Republican Job Printing Establishment,
Date of publication, distribution, etc. 1874.
300 ## - PHYSICAL DESCRIPTION
Extent 4 p. l., [13]-260 p.
Other physical details front. (port.)
Dimensions 18 cm.
530 ## - ADDITIONAL PHYSICAL FORM AVAILABLE NOTE
Additional physical form available note Also available in digital form on the Library of Congress Web site.
651 #0 - SUBJECT ADDED ENTRY--GEOGRAPHIC NAME
Geographic name Illinois
General subdivision History.
650 #0 - SUBJECT ADDED ENTRY--TOPICAL TERM
Topical term or geographic name entry element Indians of North America
Geographic subdivision Illinois.
650 #0 - SUBJECT ADDED ENTRY--TOPICAL TERM
Topical term or geographic name entry element French
Geographic subdivision Illinois.
856 41 - ELECTRONIC LOCATION AND ACCESS
Path gcfr
Electronic name 0012
Electronic format type s
Uniform Resource Identifier <a href="http://hdl.loc.gov/loc.gdc/gcfr.0012">http://hdl.loc.gov/loc.gdc/gcfr.0012</a>

No items available.

Powered by Koha